000 00373nam a2200145Ia 4500
008 240729s9999 xx 000 0 und d
022 _a2798-3803
245 0 _aNegrei
260 _aIndonesia
260 _bInstitut Agama Islam Negeri (IAIN) Curup
650 _aLaw
856 _uhttps://doaj.org/toc/719e6de6c71a48059bac6ecbe99bfe70
942 _2ddc
942 _cDOAJEJ
999 _c70119
_d70119
945 _a1
_bMadushi Gamage
_c1
_dMadushi Gamage